|
|
|
|
| LEADER |
00000cam a2200000 7i4500 |
| 001 |
0000000841 |
| 005 |
20001016.0 |
| 020 |
0 |
0 |
|a 9679423476
|
| 090 |
0 |
0 |
|a 658.408095951
|b JAM 1996
|
| 100 |
0 |
0 |
|a JAMALUDDIN Md. Jahi
|
| 245 |
1 |
0 |
|a Impak pembangunan terhadap alam sekitar
|c Jamaluddin Md. Jahi
|
| 260 |
0 |
0 |
|a Bangi, Selangor :
|b Penerbit UKM ,
|c 1996
|
| 300 |
|
|
|a 249 p. :
|b ill. ;
|c 23vcm.
|
| 500 |
0 |
0 |
|a Bibliography: [p. [235]-243] and index
|
| 650 |
0 |
0 |
|a Environmental engineering
|z Peninsular Malaysia
|
| 650 |
0 |
0 |
|a Environmental impact analysis
|
| 650 |
0 |
0 |
|a Environmental law
|z Peninsular Malaysia
|
| 650 |
0 |
0 |
|a Environmental policy
|z Peninsular Malaysia
|
| 999 |
|
|
|a 0000001852
|b Monograph
|c Open Shelf
|e Default branch
|